European Community environmental legislation
Αποθηκεύτηκε σε:
| Συγγραφή απο Οργανισμό/Αρχή: | |
|---|---|
| Μορφή: | Βιβλίο |
| Γλώσσα: | English |
| Δημοσίευση: |
Luxembourg :
Office for official publications of the European Communities,
1992
|
| Θέματα: | |
| Ετικέτες: |
Προσθήκη ετικέτας
Δεν υπάρχουν, Καταχωρήστε ετικέτα πρώτοι!
|
MARC
| LEADER | 00000nam a2200000 i 4500 | ||
|---|---|---|---|
| 001 | 1/92821 | ||
| 008 | 940302s1992 eng d | ||
| 020 | |a 92-826-4084-1 (set) | ||
| 020 | |a 92-826-4085-X (τ.1) | ||
| 020 | |a 92-826-4086-8 (τ.2) | ||
| 020 | |a 92-826-4087-6 (τ.3) | ||
| 020 | |a 92-826-4088-4 (τ.4) | ||
| 020 | |a 92-826-4089-2 (τ.5) | ||
| 020 | |a 92-826-4090-6 (τ.6) | ||
| 020 | |a 92-826-4091-4 (τ.7) | ||
| 035 | |l 10008613 | ||
| 040 | |a GR-MY-UA |b gre |e aacr | ||
| 041 | 0 | |a eng | |
| 082 | 0 | |a 344.046 |2 (22) | |
| 110 | 2 | |a Commission of the European Communities. |b Directorate-General Environment, Nuclear Safety and Civil Protection. | |
| 245 | 1 | 0 | |a European Community environmental legislation / |c Commission of the European Communities, Directorate General XI, Environment, Nuclear Safety and Civil Protection |
| 260 | |a Luxembourg : |b Office for official publications of the European Communities, |c 1992 | ||
| 300 | |a 7 τ. | ||
| 500 | |a Περιέχει ευρετήριο | ||
| 505 | 0 | |a Τ.1: General policy -- τ.2: Air -- τ.3: Chemicals, industrial risks and biotechnology -- τ.4: Nature -- τ.5: Noise -- τ.6: Waste -- τ.7: Water | |
| 650 | 0 | 0 | |a Water |x Law and legislation. |
| 650 | 0 | 0 | |a Noise control |x Law and legislation. |
| 650 | 0 | 0 | |a Environmental law. |
| 650 | 0 | 0 | |a Environmental law |z European Economic Community countries. |
| 650 | 0 | 0 | |a Chemicals |x Law and legislation. |
| 650 | 0 | 0 | |a Industrial laws and legislation. |
| 650 | 0 | 0 | |a Air |x Pollution |x Law and legislation. |
| 852 | |a INST |b LESVOS |e 19940307 |h 344.046 EUR |p 005100004113 |q 005100004113 |t BK |y 0 |z τ.6 | ||
| 852 | |a INST |b LESVOS |e 19940307 |h 344.046 EUR |p 005100004114 |q 005100004114 |t BK |y 0 |z τ.5 | ||
| 852 | |a INST |b LESVOS |e 19940307 |h 344.046 EUR |p 005100004115 |q 005100004115 |t BK |y 0 |z τ.3 | ||
| 852 | |a INST |b LESVOS |e 19940307 |h 344.046 EUR |p 005100004116 |q 005100004116 |t BK |y 0 |z τ.4 | ||
| 852 | |a INST |b LESVOS |e 19940307 |h 344.046 EUR |p 005100004117 |q 005100004117 |t BK |y 0 |z τ.2 | ||
| 852 | |a INST |b LESVOS |e 19940302 |h 344.046 EUR |p 005100004118 |q 005100004118 |t BK |y 0 |z τ.1 | ||
| 852 | |a INST |b LESVOS |e 19940307 |h 344.046 EUR |p 005100008395 |q 005100008395 |t BK |y 0 |z τ.7 | ||
| 852 | |a INST |b LESVOS |e 19940307 |h 344.046 EUR |p 005100004113 |q 005100004113 |t BK |v τ.6: |y 0 |z τ.6 | ||
| 852 | |a INST |b LESVOS |e 19940307 |h 344.046 EUR |p 005100004114 |q 005100004114 |t BK |v τ.5: |y 0 |z τ.5 | ||
| 852 | |a INST |b LESVOS |e 19940307 |h 344.046 EUR |p 005100004115 |q 005100004115 |t BK |v τ.3: |y 0 |z τ.3 | ||
| 852 | |a INST |b LESVOS |e 19940307 |h 344.046 EUR |p 005100004116 |q 005100004116 |t BK |v τ.4: |y 0 |z τ.4 | ||
| 852 | |a INST |b LESVOS |e 19940307 |h 344.046 EUR |p 005100004117 |q 005100004117 |t BK |v τ.2: |y 0 |z τ.2 | ||
| 852 | |a INST |b LESVOS |e 19940302 |h 344.046 EUR |p 005100004118 |q 005100004118 |t BK |v τ.1: |y 0 |z τ.1 | ||
| 852 | |a INST |b LESVOS |e 19940307 |h 344.046 EUR |p 005100008395 |q 005100008395 |t BK |v τ.7: |y 0 |z τ.7 | ||
| 853 | |a INST |b LESVOS |h 344.046 EUR | ||
| 909 | |a Λ |b 032875 | ||
| 909 | |a Λ |b 032874 | ||
| 909 | |a Λ |b 032873 | ||
| 909 | |a Λ |b 032872 | ||
| 909 | |a Λ |b 032871 | ||
| 909 | |a Λ |b 032870 | ||
| 909 | |a Λ |b 032869 | ||